| 000 | 00564nam a2200145Ia 4500 | ||
|---|---|---|---|
| 008 | 231129s2004||||xx |||||||||||||| ||spa|| | ||
| 020 | _a958-9067-73-5 | ||
| 040 | _bspa | ||
| 082 | _a350.093 I59g | ||
| 100 | _aInstituto Geográfico Agustín Codazzi. Subdirección de Geografía. División Ordenamiento Territorial | ||
| 245 | 0 | _aGuía de participación comunitaria para la formulación de planes de ordenamiento territorial | |
| 260 | _c2004 | ||
| 264 | _aInstituto Geográfico Agustín Codazzi | ||
| 942 |
_2ddc _cBKS |
||
| 999 |
_c14746 _d14746 |
||